Endocrinology / (Record no. 714)
[ view plain ]
| 000 -LEADER | |
|---|---|
| fixed length control field | 01058nam a2200361 4500 |
| 001 - CONTROL NUMBER | |
| control field | 14502844 |
| 005 - DATE AND TIME OF LATEST TRANSACTION | |
| control field | 20141009084313.0 |
| 007 - PHYSICAL DESCRIPTION FIXED FIELD--GENERAL INFORMATION | |
| fixed length control field | 000 |
| 008 - FIXED-LENGTH DATA ELEMENTS--GENERAL INFORMATION | |
| fixed length control field | 000 |
| 010 ## - LIBRARY OF CONGRESS CONTROL NUMBER | |
| LC control number | 2006026786 |
| 020 ## - INTERNATIONAL STANDARD BOOK NUMBER | |
| International Standard Book Number | 0131876066 |
| 035 ## - SYSTEM CONTROL NUMBER | |
| System control number | (DNLM)101285219 |
| 040 ## - CATALOGING SOURCE | |
| Original cataloging agency | UOEL |
| Transcribing agency | DLC |
| Modifying agency | DLC |
| 042 ## - AUTHENTICATION CODE | |
| Authentication code | pcc |
| 050 10 - LIBRARY OF CONGRESS CALL NUMBER | |
| Classification number | QP187 |
| Item number | .H17 2006 |
| 060 00 - NATIONAL LIBRARY OF MEDICINE CALL NUMBER | |
| Classification number | WK 100 |
| Item number | H131e 2006 |
| 082 00 - DEWEY DECIMAL CLASSIFICATION NUMBER | |
| Classification number | 573.4 |
| Edition number | 22 |
| 100 1# - MAIN ENTRY--PERSONAL NAME | |
| Personal name | Hadley, Mac E. |
| 245 10 - TITLE STATEMENT | |
| Title | Endocrinology / |
| Statement of responsibility, etc | Mac E. Hadley, Jon E. Levine. |
| 250 ## - EDITION STATEMENT | |
| Edition statement | 6th ed. |
| 260 ## - PUBLICATION, DISTRIBUTION, ETC. (IMPRINT) | |
| Place of publication, distribution, etc | Upper Saddle River, NJ : |
| Name of publisher, distributor, etc | Prentice Hall, |
| Date of publication, distribution, etc | c2006. |
| 263 ## - PROJECTED PUBLICATION DATE | |
| Projected publication date | 0610 |
| 300 ## - PHYSICAL DESCRIPTION | |
| Extent | xxiii, 500 p. : |
| Dimensions | ill. |
| 504 ## - BIBLIOGRAPHY, ETC. NOTE | |
| Bibliography, etc | Includes bibliographical references and index. |
| 650 #0 - SUBJECT ADDED ENTRY--TOPICAL TERM | |
| Topical term or geographic name as entry element | Endocrinology. |
| General subdivision | Physiology |
| Topical term or geographic name as entry element | Endocrine System. |
| General subdivision | Physiology |
| Topical term or geographic name as entry element | Hormones. |
| General subdivision | Physiology |
| 700 1# - ADDED ENTRY--PERSONAL NAME | |
| Personal name | Levine, Jon E. |
| 856 41 - ELECTRONIC LOCATION AND ACCESS | |
| Materials specified | Table of contents only |
| Uniform Resource Identifier | <a href="http://www.loc.gov/catdir/toc/ecip0619/2006026786.html">http://www.loc.gov/catdir/toc/ecip0619/2006026786.html</a> |
| 906 ## - LOCAL DATA ELEMENT F, LDF (RLIN) | |
| a | 7 |
| b | rix |
| c | orignew |
| d | 1 |
| e | ecip |
| f | 20 |
| g | y-gencatlg |
| 942 ## - ADDED ENTRY ELEMENTS (KOHA) | |
| Source of classification or shelving scheme | Library of Congress Classification |
| Item type | Short Loan for 1 day |
| Withdrawn status | Lost status | Source of classification or shelving scheme | Damaged status | Not for loan | Home library | Current library | Shelving location | Date acquired | Total Checkouts | Full call number | Barcode | Date last seen | Copy number | Price effective from | Koha item type | Date last borrowed |
|---|---|---|---|---|---|---|---|---|---|---|---|---|---|---|---|---|
| Library of Congress Classification | UOE Main Library | UOE Main Library | Short Loan Area | 09/10/2014 | QP187 .H17 2006 | 20135333 | 27/04/2026 | 20135333 | 09/10/2014 | Short Loan for 1 day | ||||||
| Library of Congress Classification | UOE Main Library | UOE Main Library | Short Loan Area | 09/10/2014 | QP187 .H17 2006 | 20135336 | 27/04/2026 | 20135336 | 09/10/2014 | Short Loan for 1 day | ||||||
| Library of Congress Classification | UOE Main Library | UOE Main Library | Short Loan Area | 09/10/2014 | 1 | QP187 .H17 2006 | 20135335 | 27/04/2026 | 20135335 | 09/10/2014 | Short Loan for 1 day | 28/02/2019 | ||||
| Library of Congress Classification | UOE Main Library | UOE Main Library | Short Loan Area | 09/10/2014 | QP187 .H17 2006 | 20135334 | 27/04/2026 | 20135334 | 09/10/2014 | Short Loan for 1 day |
